书目信息 |
| 题名: |
学校领导与管理
|
|
| 作者: | 林应澜 编 | |
| 分册: | ||
| 出版信息: | 莆田 福建省莆田地区教师进修学院轮训部 1982.5 |
|
| 页数: | 152页 | |
| 开本: | 19cm | |
| 丛书名: | ||
| 单 册: | ||
| 中图分类: | G47 | |
| 科图分类: | ||
| 主题词: | 学校管理 | |
| 电子资源: | ||
| ISBN: | ||
| 000 | 00525nam0 2200193 45 | |
| 001 | 0310200957 | |
| 005 | 20060430103808.89 | |
| 010 | @dCNY0.50 | |
| 100 | @a20031020d1982 km y0chiy0120 ea | |
| 101 | 0 | @achi |
| 200 | 1 | @a学校领导与管理@AXue Xiao Ling Dao Yu Guan Li@f林应澜编@FLin Ying Lan Bian |
| 205 | @a初稿 | |
| 210 | @a莆田@c福建省莆田地区教师进修学院轮训部@d1982.5 | |
| 215 | @a152页@d19cm | |
| 606 | 0 | @a学校管理 |
| 690 | @aG47@v4 | |
| 701 | 0 | @a林应澜@Alin ying lan@4编 |
| 801 | @aCN@bTSTC@c20060430 | |
| 905 | @dG47@e1 | |
| 学校领导与管理/林应澜编.-初稿.-莆田:福建省莆田地区教师进修学院轮训部,1982.5 |
| 152页;19cm |
| ISBN :CNY0.50 |
| ● |
| 相关链接 |
|
|
|
|
正题名:学校领导与管理
索取号:G47/1
 
预约/预借
| 序号 | 登录号 | 条形码 | 馆藏地/架位号 | 状态 | 备注 |
| 1 | 0064332 | 000459952 | 密集书库/ [索取号:G47/1] | 在馆 | |
| 2 | 0064333 | 000459872 | 第一样本阅览室/ [索取号:G47/1] | 在馆 | |
| 3 | 0064335 | 001715585 | 密集书库/ [索取号:G47/1] | 在馆 | |
| 4 | 0064336 | 202158887 | 密集书库/ [索取号:G47/1] | 在馆 | |
| 5 | 0064337 | 202234698 | 密集书库/ [索取号:G47/1] | 在馆 | |
| 6 | 0064338 | 001715629 | 密集书库/ [索取号:G47/1] | 在馆 | |
| 7 | 0064339 | 202329088 | 密集书库/ [索取号:G47/1] | 在馆 | |
| 8 | 0064340 | 000459925 | 密集书库/ [索取号:G47/1] | 在馆 | |
| 9 | 0064341 | 000459998 | 密集书库/ [索取号:G47/1] | 在馆 |